Obras completas
Uloženo v:
| Hlavní autor: | |
|---|---|
| Médium: | Kniha |
| Jazyk: | španělština |
| Vydáno: |
Santiago
EJS
2007
|
| Vydání: | 2a. ed |
| Témata: | |
| Tagy: |
Přidat tag
Žádné tagy, Buďte první, kdo vytvoří štítek k tomuto záznamu!
|
MARC
| LEADER | 00000nam a2200000 a 4500 | ||
|---|---|---|---|
| 001 | UCI3330 | ||
| 003 | CL-VaPUC | ||
| 008 | 071026e20070000CL |||||||||||||||||spa|d | ||
| 020 | |a 9568285265 obra completa | ||
| 082 | 0 | 4 | |a 345 |b BUS |2 21 |
| 100 | |a Bustos Ramírez, Juan |e author |9 295262 | ||
| 245 | 1 | 0 | |a Obras completas |
| 250 | |a 2a. ed | ||
| 300 | |a t | ||
| 942 | |c BK | ||
| 945 | |d 20071026 00:00:00 |a rbrito | ||
| 260 | |a Santiago |b EJS |c 2007 | ||
| 500 | |a t.1: Derecho penal. Parte general | ||
| 500 | |a t.2: Control social y otros cambios | ||
| 500 | |a t.3: Derecho penal. Parte especial | ||
| 650 | 7 | |a DERECHO PENAL |2 CL-VaPUC |9 11 | |
| 650 | 0 | |a Bien jurídico protegido |9 385533 | |
| 650 | 7 | |a CAUSALIDAD |2 CL-VaPUC |9 225420 | |
| 650 | 0 | |a Teoría del derecho |9 255982 | |
| 650 | 0 | |a Principio de legalidad |9 524667 | |
| 650 | 7 | |a DETERMINACION DE LA PENA |2 CL-VaPUC |9 383280 | |
| 650 | 7 | |a RESPONSABILIDAD CIVIL |2 CL-VaPUC |9 524668 | |
| 650 | 0 | |a Antijuridicidad |9 368501 | |
| 650 | 0 | |a Delitos de omisión |9 524669 | |
| 583 | |a last modification |c 20071026 00:00:00 |k Rodrigo Vera | ||
| 999 | |c 327583 |d 327581 | ||
| 952 | |0 0 |1 0 |4 0 |6 345_000000000000000_BUS_2007 |7 0 |8 A |9 410597 |a BIBDER |b BIBDER |d 2019-11-22 |h t.2 |i 4382528 |l 1 |o 345 BUS 2007 |p 4382528 |r 2023-01-25 |s 2022-11-29 |w 2019-11-22 |y BK |k DER | ||
| 952 | |0 0 |1 0 |4 0 |6 345_000000000000000_BUS_2007 |7 0 |8 A |9 410598 |a BIBDER |b BIBDER |d 2019-11-22 |h t.3 |i 4558774 |o 345 BUS 2007 |p 4558774 |r 2023-01-25 |w 2019-11-22 |y BK |k DER | ||